¿Cómo entender la iniciativa de la Cuenca del Caribe?

সংরক্ষণ করুন:
গ্রন্থ-পঞ্জীর বিবরন
বিন্যাস: পাঠ‍্য
প্রকাশিত: s.l: Servicio Informativo y Cultural de los Estados Unidos
ট্যাগগুলো: ট্যাগ যুক্ত করুন
কোনো ট্যাগ নেই, প্রথমজন হিসাবে ট্যাগ করুন!

MARC

LEADER 00000 a a2200000 04500
001 15241
003
040
090 |a 018300  
245 |a ¿Cómo entender la iniciativa de la Cuenca del Caribe?  
260 |a s.l:   |b Servicio Informativo y Cultural de los Estados Unidos  
300 |a 16 p.  
999 |c 5803  |d 5803